Breve esquema de los sistemas de filosofia moderna y de mi propio sistema /

Guardado en:
Autor Principal: Rosmini, Antonio
Formato: Libro
Publicado: Buenos Aires : Aguilar, 1974
Edición:4a. ed.
Series:Biblioteca De Iniciacion Filos
Materias:
Etiquetas: Agregar Etiqueta
Sin Etiquetas, Sea el primero en etiquetar este registro!
LEADER 00654nam a22002055a 4500
001 EHU.bham026921
003 AR-BHAM
005 20110510115809.0
008 130507s1974##################000#0#####d
082 1 0 |a 101 
100 1 |a Rosmini, Antonio 
245 1 0 |a Breve esquema de los sistemas de filosofia moderna y de mi propio sistema /  |c Antonio Rosmini 
250 |a 4a. ed. 
260 |a Buenos Aires :  |b Aguilar,  |c 1974 
300 |a 91 p. 
490 0 |a Biblioteca De Iniciacion Filos 
500 |a Trad. Por Luis Rodriguez Aranda 
653 |a Sistemas filosoficos 
653 |a Filosofia italiana 
859 |a AR-BHAM  |b BIB. HUMANIDADES - General  |h 101  |i R732  |p 718.04  |t Ej.1